| 000 | 00834nam a2200265Ia 4500 | ||
|---|---|---|---|
| 003 | OSt | ||
| 005 | 20221005104420.0 | ||
| 006 | a|||||r|||| 00| 0 | ||
| 007 | ta | ||
| 008 | 221004b |||||||| |||| 00| 0 hin d | ||
| 020 | _a8126311365 (hbk) | ||
| 024 | _a26454 | ||
| 037 |
_bGift, 05/05/2016, _cTextual |
||
| 040 |
_aCRL _cCRL _bhin |
||
| 041 |
_2hin _ahin |
||
| 082 | _aO152,3N451,MA, P5 | ||
| 100 | _aसतीश आलोक | ||
| 245 | 0 | _aमहागाथा | |
| 246 | _aMahāgāthā | ||
| 260 |
_aदिल्ली _bभारतीय ज्ञानपीठ भारत _c2005 |
||
| 300 |
_a654पृ0 _ccm. |
||
| 650 | _aहिन्दी साहित्य | ||
| 942 |
_hO152,3N451,MA, P5 _cTEXL _2cc |
||
| 999 |
_c1012656 _d1012656 |
||